Multicriteria decision making and election systems

Na minha lista:
Detalhes bibliográficos
Autor principal: Bystrický, Róbert, 1968- (Author)
Outros Autores: Mesiar, Radko, 1951- (Thesis advisor)
Formato: Manuscrito Livro
Idioma:inglês
Publicado em: Bratislava : STU v Bratislave SvF, 2013
Assuntos:
Acesso em linha:VAIS
Tags: Adicionar Tag
Sem tags, seja o primeiro a adicionar uma tag!

MARC

LEADER 00000ntm a22000003a 4500
001 stu297109
005 20160721135702.7
008 140919s2013----xo------------------eng-d
040 |a STU  |b slo 
041 0 |a eng 
044 |a xo 
100 1 |a Bystrický, Róbert,  |d 1968-  |4 aut  |X 1001  |7 A000001001 
242 0 0 |a Multikriteriálne rozhodovanie a volebné systémy  |y slo 
245 1 |a Multicriteria decision making and election systems  
260 |a Bratislava :  |b STU v Bratislave SvF,  |c 2013 
650 7 |a aplikovaná matematika  |2 stusub 
650 7 |a Applied Mathematics  |2 estusub 
650 7 |a paradox  |2 stusub 
650 7 |a paradox  |2 estusub 
650 7 |a aggregation  |2 estusub 
650 7 |a paradox  |2 stusub 
650 7 |a paradox  |2 estusub 
700 1 |a Mesiar, Radko,  |d 1951-  |4 ths  |u V220  |U SvF Stavebná fakulta  |T SvF Katedra matematiky a deskriptívnej geometrie  |X 769  |U V220  |Y 23  |7 A000000769 
856 4 |a info a plný text  |u http://is.stuba.sk/zp/portal_zp.pl?podrobnosti=75776  |3 VAIS 
996 |b 284V041350  |c V* 3314/DP-1244  |l VVS  |s P  |a 0  |w stu297109_0001